书目信息 |
| 题名: |
液压传动与控制习题集
|
|
| 作者: | 阎祥安.焦秀稳 编 | |
| 分册: | ||
| 出版信息: | 天津 天津大学出版社 1990.10 |
|
| 页数: | 140页 | |
| 开本: | 16开 | |
| 丛书名: | ||
| 单 册: | ||
| 中图分类: | TH137-44 | |
| 科图分类: | ||
| 主题词: | 液压传动 | |
| 电子资源: | ||
| ISBN: | 7-5618-0208-0 | |
| 000 | 00590nam0 2200193 45 | |
| 001 | 0010121577 | |
| 005 | 20001012151613.5 | |
| 010 | @a7-5618-0208-0@d10.00元 | |
| 100 | @a20001012d1990 km y0chiy0120 ea | |
| 101 | 0 | @achi |
| 105 | @a z 000yy | |
| 200 | 1 | @a液压传动与控制习题集@AYe Ya Chuan Dong Yu Kong Zhi Xi Ti Ji@f阎祥安.焦秀稳编@FYan Xiang An.Jiao Xiu Wen Bian |
| 210 | @a天津@c天津大学出版社@d1990.10 | |
| 215 | @a140页@d16开 | |
| 606 | 0 | @a液压传动 |
| 690 | @aTH137-44@v3 | |
| 701 | 0 | @a阎祥安.焦秀稳@4编 |
| 801 | @aCN@bPftUser@c20001012 | |
| 905 | @b176673-674@dTH137-44@eY022@f2 | |
| 液压传动与控制习题集/阎祥安.焦秀稳编.-天津:天津大学出版社,1990.10 |
| 140页;16开 |
| ISBN 7-5618-0208-0:10.00元 |
| ● |
| 相关链接 |
|
|
|
正题名:液压传动与控制习题集
索取号:TH137-44/Y022
 
预约/预借
| 序号 | 登录号 | 条形码 | 馆藏地/架位号 | 状态 | 备注 |
| 1 | 176673 | 201766730 | 自科库501/501自科库 37排4列4层/ [索取号:TH137-44/Y022] | 在馆 | |
| 2 | 176674 | 201766749 | 自科库501/501自科库 37排4列4层/ [索取号:TH137-44/Y022] | 在馆 | |
| 3 | 66138 | 200661382 | 自科库501/501自科库 37排4列2层/ [索取号:TH137-44/Y022] | 在馆 | |
| 4 | 66139 | 200661391 | 自科库501/501自科库 37排4列2层/ [索取号:TH137-44/Y022] | 在馆 | |
| 5 | 66140 | 200661408 | 自科二线504/504自科库 41排2列4层/ [索取号:TH137-44/Y022] | 在馆 | |
| 6 | 66141 | 200661417 | 自科二线504/504自科库 41排2列4层/ [索取号:TH137-44/Y022] | 在馆 | |
| 7 | 66142 | 200661426 | 自科二线504/504自科库 41排2列4层/ [索取号:TH137-44/Y022] | 在馆 |